LA EMPRESA FUERA DE SERIE: OCHO ESTRATEGIAS DE PENSAMIENTO PARA OBTENER RESULTADOS SORPRENDENTES (Registro nro. 217532)
[ vista simple ]
| 000 -LEADER | |
|---|---|
| campo de control de longitud fija | 00783nam a2200277Ia 4500 |
| 005 - FECHA Y HORA DE LA ÚLTIMA TRANSACCIÓN | |
| campo de control | 20250425161845.0 |
| 008 - DATOS DE LONGITUD FIJA--INFORMACIÓN GENERAL | |
| campo de control de longitud fija | 250425s9999 xx 000 0 und d |
| 020 ## - NÚMERO INTERNACIONAL ESTÁNDAR DEL LIBRO | |
| Número Internacional Estándar del Libro | 9501210669 |
| 041 ## - CÓDIGO DE IDIOMA | |
| Código de lengua del texto/banda sonora o título independiente | spa |
| 043 ## - CÓDIGO DE ÁREA GEOGRÁFICA | |
| Código de área geográfica | ag |
| 082 ## - NÚMERO DE LA CLASIFICACIÓN DECIMAL DEWEY | |
| Número de clasificación | 658 |
| 010 ## - NÚMERO DE CONTROL DE LA BIBLIOTECA DEL CONGRESO | |
| Número de control de LC | 32559 |
| 100 ## - ENTRADA PRINCIPAL--NOMBRE DE PERSONA | |
| Nombre de persona | O'KEEFFE, JOHN |
| 245 #0 - MENCIÓN DEL TÍTULO | |
| Título | LA EMPRESA FUERA DE SERIE: OCHO ESTRATEGIAS DE PENSAMIENTO PARA OBTENER RESULTADOS SORPRENDENTES |
| 250 ## - MENCION DE EDICION | |
| Mención de edición | 1A ED. |
| 260 ## - PUBLICACIÓN, DISTRIBUCIÓN, ETC. | |
| Lugar de publicación, distribución, etc. | Argentina |
| Nombre del editor, distribuidor, etc. | PAIDOS |
| Fecha de publicación, distribución, etc. | 1998 |
| 260 ## - PUBLICACIÓN, DISTRIBUCIÓN, ETC. | |
| Lugar de publicación, distribución, etc. | BUENOS AIRES |
| 300 ## - DESCRIPCIÓN FÍSICA | |
| Extensión | 242 |
| 500 ## - NOTA GENERAL | |
| Nota general | Título Traducido: BUSINESS BEYOND THE BOX: APPLYING YOUR MID FOR BREAKTHROUGH RESULTS |
| 650 ## - PUNTO DE ACCESO ADICIONAL DE MATERIA--TÉRMINO DE MATERIA | |
| Término de materia o nombre geográfico como elemento de entrada | EMPRESAS |
| 650 ## - PUNTO DE ACCESO ADICIONAL DE MATERIA--TÉRMINO DE MATERIA | |
| Término de materia o nombre geográfico como elemento de entrada | ESTRATEGIAS |
| 650 ## - PUNTO DE ACCESO ADICIONAL DE MATERIA--TÉRMINO DE MATERIA | |
| Término de materia o nombre geográfico como elemento de entrada | PENSAMIENTO CREATIVO |
| 700 ## - ENTRADA AGREGADA--NOMBRE PERSONAL | |
| Nombre de persona | FEDERICO VILLEGAS |
| Término indicativo de función/relación | traductor |
| 710 ## - ENTRADA AGREGADA--NOMBRE DE ENTIDAD CORPORATIVA | |
| Nombre de entidad corporativa o nombre de jurisdicción como elemento de entrada | PAIDOS |
| 942 ## - ELEMENTOS DE ENTRADA SECUNDARIOS (KOHA) | |
| Tipo de ítem Koha | Libros |
| Estatus retirado | Estado de pérdida | Estado de daño | No para préstamo | Biblioteca de origen | Biblioteca actual | Ubicación en estantería | Fecha de adquisición | Coste, precio normal de compra | Total de préstamos | Código de barras | Copia número | Nota pública |
|---|---|---|---|---|---|---|---|---|---|---|---|---|
| ESCUELA DE NEGOCIOS | ESCUELA DE NEGOCIOS | 01/02/2001 | 31.00 | CP-01297 | 1 | COMPRA |